LEADER 00971nam0-2200313---450- 001 990008243950403321 005 20051212124244.0 020 $aIT$b808827 035 $a000824395 035 $aFED01000824395 035 $a(Aleph)000824395FED01 035 $a000824395 100 $a20051212d1978----km-y0itay50------ba 101 0 $aita 102 $aIT 105 $ay-------001yy 200 1 $aRicerca sullo snellimento delle procedure di devoluzione delle quote d'imposta agli enti locali (DPR 26-10-1972, n. 638) 210 $aRoma$cFormez$d1978 215 $a197 p.$d24 cm 225 1 $aRicerche e studi Formez$v23 676 $a336$v18 710 02$aFormez$0424425 801 0$aIT$bUNINA$gRICA$2UNIMARC 901 $aBK 912 $a990008243950403321 952 $aF 362$bs.i.$fDSS 959 $aDSS 996 $aRicerca sullo snellimento delle procedure di devoluzione delle quote d'imposta agli enti locali (DPR 26-10-1972, n. 638$9737121 997 $aUNINA LEADER 01943nam 2200577Ia 450 001 9910700811703321 005 20110927092128.0 035 $a(CKB)5470000002412904 035 $a(OCoLC)754799938 035 $a(EXLCZ)995470000002412904 100 $a20110927d2010 ua 0 101 0 $aeng 135 $aurcn||||||||| 181 $ctxt$2rdacontent 182 $cc$2rdamedia 183 $acr$2rdacarrier 200 10$aDesign and specifications for the highland regolith prototype simulants NU-LHT-1M and -2M$b[electronic resource] /$fD.B. Stoeser, D.L. Rickman, S. Wilson 210 1$a[Huntsville], Ala. :$cNational Aeronautics and Space Administration, Marshall Space Flight Center,$d[2010] 215 $a1 online resource (vi, 13 pages) $cillustrations (some color) 225 1 $aNASA/TM ;$v2010-216438 300 $aTitle from title screen (viewed on Sept. 27, 2011). 300 $a"August 2010." 320 $aIncludes bibliographical references (pages 12-13). 606 $aLunar rocks$2nasat 606 $aSimulation$2nasat 606 $aMineralogy$2nasat 606 $aCrystallinity$2nasat 606 $aGlass$2nasat 606 $aMinerals$2nasat 606 $aRegolith$2nasat 606 $aCalcium phosphates$2nasat 606 $aDesign analysis$2nasat 615 7$aLunar rocks. 615 7$aSimulation. 615 7$aMineralogy. 615 7$aCrystallinity. 615 7$aGlass. 615 7$aMinerals. 615 7$aRegolith. 615 7$aCalcium phosphates. 615 7$aDesign analysis. 700 $aStoeser$b D. B$01394312 701 $aRickman$b D. L$01389236 701 $aWilson$b S$01410308 712 02$aGeorge C. Marshall Space Flight Center. 801 0$bGPO 801 1$bGPO 906 $aBOOK 912 $a9910700811703321 996 $aDesign and specifications for the highland regolith prototype simulants NU-LHT-1M and -2M$93498709 997 $aUNINA